000 00482nam a2200169 i 4500
001 83270
003 ES-MaACL
005 20250723100701.0
007 t|
008 041116m19501951sp ||||1| spa d
245 0 0 _aIntercambio urológico por correspondencia.
260 _a[Madrid] :
_bFacultad de Medicina,
_c1950-1951.
300 _a2 v. ;
_c28 cm.
710 2 0 _aUniversidad de Madrid.
_bFacultad de Medicina
_97215
852 _aES-MaACL
_jB-13825-6
999 _c83270
_d83270